| 000 | 01308nam a2200277Ia 4500 | ||
|---|---|---|---|
| 999 |
_c53557 _d53557 |
||
| 001 | 20603 | ||
| 003 | GE_BSU | ||
| 005 | 20210225185832.0 | ||
| 008 | 181216s2001||||ge |||||||||||||| ||geo|| | ||
| 020 | _aISBN 99928-33-84-X | ||
| 040 | _cGE_BSU | ||
| 041 | _ageo | ||
| 080 | _a1(315)+1(34) ჭ-34 | ||
| 100 |
_aჭელიძე, მერი _93675 |
||
| 245 |
_aძველი აღმოსავლეთის ფილოსოფია : _b(ინდოეთი, ჩინეთი) / _cმერი ჭელიძე, რევაზ გორდეზიანი ; რედ. გ. თევზაძე. |
||
| 264 |
_aთბილისი : _bთბილ. უნ-ტის გამ-ბა, _c2001. |
||
| 300 |
_a450 გვ. ; _c20 სმ. |
||
| 504 | _aბიბლიოგრ. : გვ. 442-449 | ||
| 653 | _aფილოსოფია | ||
| 653 | _aძველი აღმოსავლეთის ფილოსოფია | ||
| 653 | _aძველი ინდური ფილოსოფია | ||
| 653 | _aძველი ჩინური ფილოსოფია | ||
| 700 |
_aგორდეზიანი, რევაზ _eავტორი _96035 |
||
| 700 |
_a თევზაძე, გ. _eრედაქტორი _910250 |
||
| 942 |
_cBK _2udc |
||